000 00726nam a2200265Ia 4500
005 20260302115607.0
008 008 260114s9999 xx 000 0 eng d
020 _a9781350494053
037 _aTextbook
040 _aCRL
040 _beng
040 _cCRL
041 _2eng
041 _aeng
084 _qCRL
100 _aAnthony Frost, Ralph Yarrow
_91122087
245 0 _aImprovisation in Drama, Theatre and Performance History, Practice, Theory
260 _bBloomsbury
260 _bMethuen Drama
260 _c2015
650 _aLiterary Studies
856 _uhttps://doi.org/10.1007/978-1-137-34812-8?locatt=label:secondary_bloomsburyCollections
942 _cEBOOK
999 _c1686773
_d1686773